Statystyki dla Zgadnij jaki to kraj

Kliknij tutaj aby rozwiązać quiz!

Ogólne statystyki

  • Ten quiz został rozwiązany 295 razy
  • Średni wynik to 4 z 12

Statystyki odpowiedzi

Odpowiedź% Poprawnych
francja
85%
jugoslawia
59%
austro wegry
54%
3 rzesza
42%
prusy
42%
nrd
33%
rfn
32%
imperium brytyjskie
26%
rzeczpospolita obojga narodow
24%
ksiestwo warszawskie
22%
cesarstwo rzymskie
18%
qing
9%

Rozkład punktacji

Percentyl według liczby udzielonych odpowiedzi

Procent ludzi z każdym wynikiem

Twoja historia wyników

Nie rozwiązałeś tego quizu